ARRUPE JESUIT UNIVERSITY

CORONAVIRUS -STOP THE SPREAD - CLEAN,DISINFECT,COVER

Short stories; (Record no. 119071)

MARC details
000 -LEADER
fixed length control field 00944cam a2200301 4500
001 - CONTROL NUMBER
control field 4082020
003 - CONTROL NUMBER IDENTIFIER
control field ARRUPE
005 - DATE AND TIME OF LATEST TRANSACTION
control field 20131204133651.0
008 - FIXED-LENGTH DATA ELEMENTS--GENERAL INFORMATION
fixed length control field 720628s1971 enk 000 1 eng
010 ## - LIBRARY OF CONGRESS CONTROL NUMBER
LC control number 72181273
015 ## - NATIONAL BIBLIOGRAPHY NUMBER
National bibliography number B71-26040--B71-26041
020 ## - INTERNATIONAL STANDARD BOOK NUMBER
International Standard Book Number 0140032819 (v. 1)
020 ## - INTERNATIONAL STANDARD BOOK NUMBER
International Standard Book Number 0140032827 (v. 2)
040 ## - CATALOGING SOURCE
Original cataloging agency DLC
Transcribing agency DLC
Modifying agency DLC
050 00 - LIBRARY OF CONGRESS CALL NUMBER
Classification number PZ3.K629
082 00 - DEWEY DECIMAL CLASSIFICATION NUMBER
Classification number 823/.8
300 ## - PHYSICAL DESCRIPTION
Dimensions 19 cm.
100 1# - MAIN ENTRY--PERSONAL NAME
Personal name Kipling, Rudyard,
Dates associated with a name 1865-1936.
9 (RLIN) 5116
240 10 - UNIFORM TITLE
Uniform title <a href="Short stories.">Short stories.</a>
Form subheading Selections
245 00 - TITLE STATEMENT
Title Short stories;
Statement of responsibility, etc selected by Andrew Rutherford.
260 ## - PUBLICATION, DISTRIBUTION, ETC. (IMPRINT)
Place of publication, distribution, etc Harmondsworth,
Name of publisher, distributor, etc Penguin,
Date of publication, distribution, etc 1971.
300 ## - PHYSICAL DESCRIPTION
Extent 2 v.
350 ## - PRICE (NR) (BK AM CF MU VM SE) [OBSOLETE]
Price £0.35 per vol.
490 0# - SERIES STATEMENT
Series statement Penguin modern classics
505 0# - FORMATTED CONTENTS NOTE
Formatted contents note v. 1. A Sahibs' war and other stories.--v. 2. Friendly brook and other stories.
651 #0 - SUBJECT ADDED ENTRY--GEOGRAPHIC NAME
Geographic name India
General subdivision Social life and customs
Form subdivision Fiction.
9 (RLIN) 5117
906 ## - LOCAL DATA ELEMENT F, LDF (RLIN)
a 7
b cbc
c orignew
d 3
e ncip
f 19
g y-gencatlg
942 ## - ADDED ENTRY ELEMENTS (KOHA)
Source of classification or shelving scheme Library of Congress Classification
Koha item type Monograph ( Printed materials)
Holdings
Withdrawn status Lost status Source of classification or shelving scheme Damaged status Not for loan Home library Current library Shelving location Date acquired Total Checkouts Full call number Barcode Date last seen Copy number Price effective from Koha item type
    Library of Congress Classification     ARRUPE LIBRARY ARRUPE LIBRARY Main Collection 04/12/2013   PZ3.K629 464123419 04/12/2013 V.1 04/12/2013 Monograph ( Printed materials)
    Library of Congress Classification     ARRUPE LIBRARY ARRUPE LIBRARY Main Collection 04/12/2013   PZ3.K629 464123420 04/12/2013 V.2 04/12/2013 Monograph ( Printed materials)

 

Arrupe Library. PO Box MP320 Mt Pleasant, Harare, Zimbabwe
263 242 745411|librarian@aju.ac.zw